Barış Manço Şarkıları - Armageddon - Statistics

General Stats
  • This quiz has been taken 263 times
  • The average score is 11 of 17
Answers on the Grid
Answers color-coded by a green-red scale on the quiz's grid according to % correct below.
Kara Sevda
Gülpembe
Deli Divane
Sarı Çizmeli Mehmet Ağa
Padişah
Sarı Sarı
Bil Diye Söylüyorum
Dönence
Hep Kahır
Hal Hal
Resimdeki Gözyaşı
Çingenem
Domates, Biber, Patlıcan
Belalım
Gibi Gibi
Arkadaşım Eşşek
Peynir Gemisi
Aynalı Kemer
Sen Allah'ın Bir Lütfusun
Halil İbrahim Sofrası
Kıskıvrak
Nane, Limon Kabuğu
Dinle
Sevdalıyım
Alla Beni Pulla Beni
Çakkıdı
Tamirci Çırağı
Lahburger
Nazar Eyle
Şans Meleğim
Gül Bebeğim
Kol Düğmeleri
Unutamadım
 
Answer Stats
Answer % Correct
Gülpembe
91%
Kara Sevda
91%
Sarı Çizmeli Mehmet Ağa
87%
Arkadaşım Eşşek
79%
Domates, Biber, Patlıcan
78%
Alla Beni Pulla Beni
77%
Dönence
75%
Hal Hal
75%
Nane, Limon Kabuğu
72%
Aynalı Kemer
69%
Halil İbrahim Sofrası
66%
Gibi Gibi
53%
Kol Düğmeleri
51%
Nazar Eyle
38%
Unutamadım
32%
Gül Bebeğim
20%
Lahburger
16%
No matching quizzes found
Score Distribution
Percent of People with Each Score
Percentile by Number Answered
Your Score History
You have not taken this quiz